000 00740cam a2200265 4500
008 090401t1996 xxu||||| |||| 00| 0 eng d
020 _a0117015903
035 _a(Sirsi) u71354
041 _aeng
050 _a526.98
100 _aMacdonald, Alastair
245 _aMapping the world : a history of the Directorate of Overseas Surveys 1946-1985.
260 _aLondon
_bHMSO
_c1996
300 _axvi,210p. : ill. ; 25cm.
350 _a29.95
650 _aCARTOGRAPHY
650 _aCOMMONWEALTH
650 _aDIRECTORATE OF COLONIAL SURVEYS
650 _aDIRECTORATE OF OVERSEAS SURVEYS
650 _aMAPPING THE WORLD
690 _aLAND SURVEYING
710 _aOrdnance Survey
_91860
942 _n0
948 _c04/03/1997
999 _c95406
_d95406